000 00589nam a2200193Ia 4500
003 IN-BaIIA
008 211028s9999 xx 000 0 eng d
020 _a81-85938-43-1
040 _cIIA Library
080 _a78.08
_bSUB
100 _aSubramaniam, L.
_922382
245 0 _aEuphony
_bIndian classical music
_cL. Subramaniam and V. Subramaniam
260 _aNew Delhi
_bAffiliated Eastwest Press
_c1995
300 _a174p
650 _aClassical music
_922383
650 _aMusic
_97025
700 _aSubramaniam, V.
_922384
942 _cBK
999 _c12776
_d12776